000 00381nam a2200169Ia 4500
003 OSt
005 20240315104437.0
008 170619s9999 xx 000 0 und d
020 _a9780074631034
040 _cIIMT ENGINEERING COLLEGE
100 _aRAO PN
245 0 _aCOMPUTER AIDED MANUFACTURING
260 _bTMH
260 _c2009
546 _aENGLISH
942 _2ddc
_c02
999 _c19463
_d19463